Validación del diseño de la picadora de forraje modelo BJ1, diseñada y elaborada por la empresa Interagro S.A
Presenta el diseño de la picadora de forraje PICANICA modelo BJ1 mediante evaluación técnica. El estudio muestra resultados estadísticos de la población a partir del Software STATGRAPHICS, la realización de los planos de la máquina con el software solidworks y el modelo de cálculo matemátic...
| Main Authors: | , |
|---|---|
| Other Authors: | |
| Format: | Tesis Section = Libro |
| Language: | Undetermined Spanish |
| Published: |
Managua
UNI
2015
|
| Subjects: |
| LEADER | 01168nam a2200265Ia 4500 | ||
|---|---|---|---|
| 008 | 240830s9999 xx 000 0 und d | ||
| 040 | |a BIBLIOTECA-RUPAP Mon 633.2 L961 | ||
| 041 | |a spa | ||
| 082 | |a Mon 633.2 L961 | ||
| 100 | 1 | |a Luna González, Jener Reynaldo | |
| 100 | 1 | |b Salomón Machado, Pedro Roberto | |
| 245 | 1 | 0 | |a Validación del diseño de la picadora de forraje modelo BJ1, diseñada y elaborada por la empresa Interagro S.A |
| 260 | |a Managua |b UNI |c 2015 | ||
| 300 | |a 121 p. :il. | ||
| 500 | |a Contiene: anexos. | ||
| 502 | |a Tesis (Ingeniero Agrícola)- UNI, 2015. | ||
| 520 | 3 | |a Presenta el diseño de la picadora de forraje PICANICA modelo BJ1 mediante evaluación técnica. El estudio muestra resultados estadísticos de la población a partir del Software STATGRAPHICS, la realización de los planos de la máquina con el software solidworks y el modelo de cálculo matemático. | |
| 650 | 7 | |a PASTOS FORRAJEROS-CULTIVO | |
| 650 | 7 | |b PASTOS MARALFALFA | |
| 650 | 7 | |c ALIMENTOS PARA GANADO | |
| 650 | 7 | |d MAQUINAS Y EQUIPOS AGRICOLAS | |
| 700 | 1 | |a Tutor: |b González Murillo, Manuel | |
| 942 | |c BK |2 ddc | ||
| 991 | |a TESIS | ||
| 999 | |c 16738 | ||